[Event "Hoogeveen Open"]
[Site "Hoogeveen, Netherlands"]
[Date "2018.10.22"]
[Round "3.11"]
[White "De Jong, Migchiel"]
[Black "Li, Henry"]
[Result "1-0"]
[WhiteElo "2309"]
[BlackElo "2207"]

1. e4 {[%clk 01:30:48]} {[%emt 00:00:10]} e5 {[%clk 01:30:17]} {[%emt
00:00:45]} 2. Nf3 {[%clk 01:31:11]} {[%emt 00:00:06]} Nc6 {[%clk 01:30:37]}
{[%emt 00:00:11]} 3. Bb5 {[%clk 01:30:27]} {[%emt 00:01:13]} a6 {[%clk
01:30:43]} {[%emt 00:00:24]} 4. Ba4 {[%clk 01:30:52]} {[%emt 00:00:04]} Nf6
{[%clk 01:30:57]} {[%emt 00:00:17]} 5. d3 {[%clk 01:29:02]} {[%emt 00:02:20]}
b5 {[%clk 01:29:53]} {[%emt 00:01:34]} 6. Bb3 {[%clk 01:29:24]} {[%emt
00:00:07]} Be7 {[%clk 01:28:25]} {[%emt 00:01:58]} 7. O-O {[%clk 01:28:11]}
{[%emt 00:01:43]} O-O {[%clk 01:27:49]} {[%emt 00:01:07]} 8. a4 {[%clk
01:23:29]} {[%emt 00:05:12]} Rb8 {[%clk 01:21:09]} {[%emt 00:07:10]} 9. axb5
{[%clk 01:20:06]} {[%emt 00:03:52]} axb5 {[%clk 01:20:38]} {[%emt 00:01:03]} 10.
Nc3 {[%clk 01:18:57]} {[%emt 00:01:37]} d6 {[%clk 01:18:47]} {[%emt 00:02:22]}
11. h3 {[%clk 01:16:50]} {[%emt 00:02:37]} Nd4 {[%clk 01:11:53]} {[%emt
00:07:24]} 12. Nxd4 {[%clk 01:16:08]} {[%emt 00:01:11]} exd4 {[%clk 01:09:37]}
{[%emt 00:02:47]} 13. Nd5 {[%clk 01:16:25]} {[%emt 00:00:12]} Be6 {[%clk
01:07:43]} {[%emt 00:02:25]} 14. Nxf6+ {[%clk 01:07:23]} {[%emt 00:09:31]} Bxf6
{[%clk 01:08:05]} {[%emt 00:00:09]} 15. Bxe6 {[%clk 01:07:32]} {[%emt
00:00:20]} fxe6 {[%clk 01:08:27]} {[%emt 00:00:10]} 16. Qg4 {[%clk 01:07:38]}
{[%emt 00:00:23]} Qd7 {[%clk 01:01:12]} {[%emt 00:07:46]} 17. f4 {[%clk
01:05:52]} {[%emt 00:02:15]} Ra8 {[%clk 01:00:26]} {[%emt 00:01:16]} 18. Bd2
{[%clk 01:04:09]} {[%emt 00:02:11]} Rxa1 {[%clk 00:57:15]} {[%emt 00:03:43]} 19.
Rxa1 {[%clk 01:04:32]} {[%emt 00:00:07]} c5 {[%clk 00:57:00]} {[%emt 00:00:45]}
20. Ra6 {[%clk 01:03:28]} {[%emt 00:01:33]} Re8 {[%clk 00:51:47]} {[%emt
00:05:43]} 21. Be1 {[%clk 00:56:08]} {[%emt 00:07:50]} Qe7 {[%clk 00:42:05]}
{[%emt 00:10:12]} 22. Bg3 {[%clk 00:55:28]} {[%emt 00:01:10]} e5 {[%clk
00:37:29]} {[%emt 00:05:07]} 23. Rc6 {[%clk 00:54:05]} {[%emt 00:01:53]} Rd8
{[%clk 00:27:44]} {[%emt 00:10:15]} 24. Rc8 {[%clk 00:46:24]} {[%emt 00:08:10]}
Rxc8 {[%clk 00:24:44]} {[%emt 00:03:32]} 25. Qxc8+ {[%clk 00:46:46]} {[%emt
00:00:06]} Kf7 {[%clk 00:24:58]} {[%emt 00:00:17]} 26. f5 {[%clk 00:40:47]}
{[%emt 00:06:29]} Bg5 {[%clk 00:19:58]} {[%emt 00:05:30]} 27. b4 {[%clk
00:39:33]} {[%emt 00:01:44]} Bd2 {[%clk 00:08:43]} {[%emt 00:11:44]} 28. bxc5
{[%clk 00:38:24]} {[%emt 00:01:40]} dxc5 {[%clk 00:09:07]} {[%emt 00:00:06]} 29.
Qb8 {[%clk 00:36:14]} {[%emt 00:02:40]} Qe8 {[%clk 00:07:39]} {[%emt 00:01:59]}
30. Qb7+ {[%clk 00:34:04]} {[%emt 00:02:39]} Kf8 {[%clk 00:06:39]} {[%emt
00:01:30]} 31. Qd5 {[%clk 00:34:13]} {[%emt 00:00:20]} 1-0

[Event "Hoogeveen Open"]
[Site "Hoogeveen, Netherlands"]
[Date "2018.10.22"]
[Round "3.12"]
[White "Elgersma, Onno"]
[Black "Ojas, Kulkarni"]
[Result "1/2-1/2"]
[WhiteElo "2223"]
[BlackElo "2254"]

1. e4 {[%clk 01:30:57]} {[%emt 00:00:03]} Nf6 {[%clk 01:30:47]} {[%emt
00:00:13]} 2. e5 {[%clk 01:31:08]} {[%emt 00:00:19]} Nd5 {[%clk 01:31:09]}
{[%emt 00:00:08]} 3. d4 {[%clk 01:31:19]} {[%emt 00:00:19]} d6 {[%clk
01:31:33]} {[%emt 00:00:06]} 4. c4 {[%clk 01:31:35]} {[%emt 00:00:15]} Nb6
{[%clk 01:31:57]} {[%emt 00:00:05]} 5. exd6 {[%clk 01:31:53]} {[%emt 00:00:13]}
exd6 {[%clk 01:32:17]} {[%emt 00:00:10]} 6. Nc3 {[%clk 01:30:56]} {[%emt
00:01:27]} Be7 {[%clk 01:32:40]} {[%emt 00:00:07]} 7. Bd3 {[%clk 01:29:31]}
{[%emt 00:01:55]} Nc6 {[%clk 01:32:58]} {[%emt 00:00:11]} 8. Nge2 {[%clk
01:29:42]} {[%emt 00:00:19]} Bg4 {[%clk 01:30:09]} {[%emt 00:03:20]} 9. Be3
{[%clk 01:25:58]} {[%emt 00:04:13]} Bh5 {[%clk 01:26:05]} {[%emt 00:04:33]} 10.
O-O {[%clk 01:22:55]} {[%emt 00:03:34]} O-O {[%clk 01:24:50]} {[%emt 00:01:44]}
11. b3 {[%clk 01:20:05]} {[%emt 00:03:20]} Re8 {[%clk 01:08:16]} {[%emt
00:17:05]} 12. Qd2 {[%clk 01:15:48]} {[%emt 00:04:47]} Bg6 {[%clk 01:07:06]}
{[%emt 00:01:34]} 13. Nf4 {[%clk 01:10:38]} {[%emt 00:05:45]} Bxd3 {[%clk
01:05:59]} {[%emt 00:01:37]} 14. Qxd3 {[%clk 01:10:59]} {[%emt 00:00:09]} Qd7
{[%clk 00:56:32]} {[%emt 00:09:56]} 15. Rad1 {[%clk 01:04:51]} {[%emt
00:06:39]} Bf8 {[%clk 00:54:07]} {[%emt 00:02:55]} 16. c5 {[%clk 01:01:22]}
{[%emt 00:04:00]} Nc8 {[%clk 00:53:23]} {[%emt 00:01:14]} 17. Ncd5 {[%clk
00:47:03]} {[%emt 00:14:49]} N8e7 {[%clk 00:51:32]} {[%emt 00:02:20]} 18. Qb5
{[%clk 00:46:12]} {[%emt 00:01:22]} Nxd5 {[%clk 00:46:52]} {[%emt 00:05:10]} 19.
Nxd5 {[%clk 00:46:29]} {[%emt 00:00:13]} a6 {[%clk 00:47:06]} {[%emt 00:00:16]}
20. Qc4 {[%clk 00:43:29]} {[%emt 00:03:29]} Ne7 {[%clk 00:46:53]} {[%emt
00:00:40]} 21. cxd6 {[%clk 00:37:30]} {[%emt 00:06:32]} Nxd5 {[%clk 00:46:54]}
{[%emt 00:00:29]} 22. Qxd5 {[%clk 00:37:46]} {[%emt 00:00:14]} Rab8 {[%clk
00:37:08]} {[%emt 00:10:16]} 23. Bf4 {[%clk 00:36:10]} {[%emt 00:02:06]} Bxd6
{[%clk 00:36:32]} {[%emt 00:01:06]} 24. Rfe1 {[%clk 00:26:27]} {[%emt
00:10:13]} Rxe1+ {[%clk 00:27:42]} {[%emt 00:09:20]} 25. Rxe1 {[%clk 00:26:52]}
{[%emt 00:00:05]} Re8 {[%clk 00:28:04]} {[%emt 00:00:09]} 26. Rxe8+ {[%clk
00:22:15]} {[%emt 00:05:06]} Qxe8 {[%clk 00:28:26]} {[%emt 00:00:08]} 27. Be5
{[%clk 00:22:39]} {[%emt 00:00:05]} Bf8 {[%clk 00:15:29]} {[%emt 00:13:27]} 28.
h3 {[%clk 00:14:47]} {[%emt 00:08:23]} c6 {[%clk 00:10:45]} {[%emt 00:05:14]}
29. Qc4 {[%clk 00:14:42]} {[%emt 00:00:35]} Qd7 {[%clk 00:11:01]} {[%emt
00:00:12]} 30. a4 {[%clk 00:12:56]} {[%emt 00:02:19]} b5 {[%clk 00:10:19]}
{[%emt 00:01:11]} 31. Qc3 {[%clk 00:10:48]} {[%emt 00:02:39]} Qd5 {[%clk
00:09:50]} {[%emt 00:00:58]} 32. Bc7 {[%clk 00:06:01]} {[%emt 00:05:17]}
1/2-1/2

[Event "Hoogeveen Open"]
[Site "Hoogeveen, Netherlands"]
[Date "2018.10.22"]
[Round "3.13"]
[White "Iniyan, P"]
[Black "Sparenberg, Erik"]
[Result "0-1"]
[WhiteElo "2476"]
[BlackElo "2224"]

1. Nf3 {[%clk 01:30:34]} {[%emt 00:00:26]} Nf6 {[%clk 01:30:48]} {[%emt
00:00:13]} 2. c4 {[%clk 01:30:57]} {[%emt 00:00:07]} g6 {[%clk 01:31:11]}
{[%emt 00:00:06]} 3. g3 {[%clk 01:28:06]} {[%emt 00:03:21]} Bg7 {[%clk
01:31:37]} {[%emt 00:00:05]} 4. Bg2 {[%clk 01:28:31]} {[%emt 00:00:05]} O-O
{[%clk 01:32:01]} {[%emt 00:00:05]} 5. O-O {[%clk 01:28:58]} {[%emt 00:00:05]}
d6 {[%clk 01:32:27]} {[%emt 00:00:03]} 6. Nc3 {[%clk 01:29:23]} {[%emt
00:00:05]} a6 {[%clk 01:28:20]} {[%emt 00:04:36]} 7. Rb1 {[%clk 01:27:37]}
{[%emt 00:02:17]} Nc6 {[%clk 01:19:25]} {[%emt 00:09:24]} 8. b4 {[%clk
01:27:44]} {[%emt 00:00:24]} e5 {[%clk 01:15:57]} {[%emt 00:03:58]} 9. d3
{[%clk 01:19:56]} {[%emt 00:08:18]} Re8 {[%clk 01:11:02]} {[%emt 00:05:24]} 10.
Nd2 {[%clk 01:18:12]} {[%emt 00:02:15]} Ne7 {[%clk 00:52:36]} {[%emt 00:18:56]}
11. a4 {[%clk 01:13:03]} {[%emt 00:05:39]} c6 {[%clk 00:50:04]} {[%emt
00:03:02]} 12. b5 {[%clk 01:13:28]} {[%emt 00:00:05]} axb5 {[%clk 00:50:29]}
{[%emt 00:00:05]} 13. axb5 {[%clk 01:13:54]} {[%emt 00:00:04]} d5 {[%clk
00:43:00]} {[%emt 00:07:59]} 14. Qb3 {[%clk 00:58:07]} {[%emt 00:16:16]} Be6
{[%clk 00:34:01]} {[%emt 00:09:29]} 15. Ba3 {[%clk 00:56:37]} {[%emt 00:02:01]}
Nf5 {[%clk 00:29:26]} {[%emt 00:05:05]} 16. Qb2 {[%clk 00:53:28]} {[%emt
00:03:39]} Qd7 {[%clk 00:21:19]} {[%emt 00:08:37]} 17. Nb3 {[%clk 00:52:15]}
{[%emt 00:01:44]} dxc4 {[%clk 00:17:36]} {[%emt 00:04:12]} 18. Nc5 {[%clk
00:52:39]} {[%emt 00:00:06]} Qc8 {[%clk 00:17:46]} {[%emt 00:00:19]} 19. N3a4
{[%clk 00:53:06]} {[%emt 00:00:04]} Rxa4 {[%clk 00:11:20]} {[%emt 00:06:55]} 20.
Nxa4 {[%clk 00:53:27]} {[%emt 00:00:10]} cxd3 {[%clk 00:11:32]} {[%emt
00:00:18]} 21. exd3 {[%clk 00:51:26]} {[%emt 00:02:30]} Nd4 {[%clk 00:07:42]}
{[%emt 00:04:20]} 22. bxc6 {[%clk 00:47:41]} {[%emt 00:04:15]} bxc6 {[%clk
00:04:05]} {[%emt 00:04:07]} 23. Bc5 {[%clk 00:47:29]} {[%emt 00:00:41]} Nb3
{[%clk 00:03:08]} {[%emt 00:01:27]} 24. Be3 {[%clk 00:46:48]} {[%emt 00:01:10]}
Qa6 {[%clk 00:01:55]} {[%emt 00:01:45]} 25. Nb6 {[%clk 00:41:28]} {[%emt
00:05:50]} Qxd3 {[%clk 00:01:19]} {[%emt 00:01:05]} 26. Rfd1 {[%clk 00:38:28]}
{[%emt 00:03:30]} Qb5 {[%clk 00:01:28]} {[%emt 00:00:20]} 27. Rd6 {[%clk
00:38:30]} {[%emt 00:00:29]} Bf5 {[%clk 00:00:48]} {[%emt 00:01:11]} 28. Bxc6
{[%clk 00:38:32]} {[%emt 00:00:27]} Qb4 {[%clk 00:01:02]} {[%emt 00:00:16]} 29.
Rxf6 {[%clk 00:38:26]} {[%emt 00:00:36]} Bxb1 {[%clk 00:00:56]} {[%emt
00:00:36]} 30. Nd5 {[%clk 00:38:18]} {[%emt 00:00:37]} Qe1+ {[%clk 00:01:10]}
{[%emt 00:00:17]} 31. Kg2 {[%clk 00:38:42]} {[%emt 00:00:07]} Be4+ {[%clk
00:00:48]} {[%emt 00:00:52]} 32. Rf3 {[%clk 00:37:50]} {[%emt 00:01:22]} Bxf3+
{[%clk 00:00:36]} {[%emt 00:00:42]} 33. Kxf3 {[%clk 00:38:15]} {[%emt
00:00:05]} e4+ {[%clk 00:00:37]} {[%emt 00:00:29]} 0-1

[Event "Hoogeveen Open"]
[Site "Hoogeveen, Netherlands"]
[Date "2018.10.22"]
[Round "3.14"]
[White "Baskin, Robert"]
[Black "Murray, David"]
[Result "1-0"]
[WhiteElo "2348"]
[BlackElo "2222"]

1. d4 {[%clk 01:30:52]} {[%emt 00:00:07]} Nf6 {[%clk 01:30:10]} {[%emt
00:00:51]} 2. c4 {[%clk 01:28:49]} {[%emt 00:02:32]} c5 {[%clk 01:30:34]}
{[%emt 00:00:07]} 3. d5 {[%clk 01:27:47]} {[%emt 00:01:31]} b5 {[%clk
01:30:53]} {[%emt 00:00:12]} 4. cxb5 {[%clk 01:27:39]} {[%emt 00:00:38]} a6
{[%clk 01:31:16]} {[%emt 00:00:07]} 5. bxa6 {[%clk 01:28:03]} {[%emt 00:00:07]}
g6 {[%clk 01:31:04]} {[%emt 00:00:41]} 6. Nc3 {[%clk 01:28:24]} {[%emt
00:00:09]} Bg7 {[%clk 01:31:18]} {[%emt 00:00:16]} 7. e4 {[%clk 01:28:17]}
{[%emt 00:00:37]} O-O {[%clk 01:30:13]} {[%emt 00:01:35]} 8. a7 {[%clk
01:28:26]} {[%emt 00:00:22]} Rxa7 {[%clk 01:30:16]} {[%emt 00:00:27]} 9. Nf3
{[%clk 01:28:50]} {[%emt 00:00:05]} e6 {[%clk 01:20:52]} {[%emt 00:09:54]} 10.
Be2 {[%clk 01:27:59]} {[%emt 00:01:20]} exd5 {[%clk 01:20:39]} {[%emt
00:00:44]} 11. exd5 {[%clk 01:28:24]} {[%emt 00:00:05]} d6 {[%clk 01:20:41]}
{[%emt 00:00:27]} 12. O-O {[%clk 01:28:26]} {[%emt 00:00:28]} Na6 {[%clk
01:18:15]} {[%emt 00:02:56]} 13. Bc4 {[%clk 01:18:10]} {[%emt 00:10:46]} Nc7
{[%clk 01:15:39]} {[%emt 00:03:07]} 14. Bf4 {[%clk 01:14:33]} {[%emt 00:04:07]}
Ba6 {[%clk 01:04:02]} {[%emt 00:12:07]} 15. Nd2 {[%clk 01:05:43]} {[%emt
00:09:20]} Nh5 {[%clk 00:59:34]} {[%emt 00:04:58]} 16. Be3 {[%clk 01:01:42]}
{[%emt 00:04:31]} f5 {[%clk 00:55:11]} {[%emt 00:04:54]} 17. f4 {[%clk
00:43:01]} {[%emt 00:19:11]} Re8 {[%clk 00:53:14]} {[%emt 00:02:27]} 18. Bf2
{[%clk 00:39:31]} {[%emt 00:04:00]} Nxf4 {[%clk 00:42:49]} {[%emt 00:10:55]} 19.
Qf3 {[%clk 00:37:17]} {[%emt 00:02:44]} Bxc4 {[%clk 00:38:05]} {[%emt
00:05:14]} 20. Nxc4 {[%clk 00:36:47]} {[%emt 00:01:00]} Bxc3 {[%clk 00:34:01]}
{[%emt 00:04:33]} 21. Qxf4 {[%clk 00:35:33]} {[%emt 00:01:44]} Bf6 {[%clk
00:26:51]} {[%emt 00:07:41]} 22. Qxd6 {[%clk 00:33:57]} {[%emt 00:02:06]} Qxd6
{[%clk 00:23:50]} {[%emt 00:03:31]} 23. Nxd6 {[%clk 00:34:20]} {[%emt
00:00:07]} Rd8 {[%clk 00:23:00]} {[%emt 00:01:20]} 24. Bxc5 {[%clk 00:31:25]}
{[%emt 00:03:24]} Ra6 {[%clk 00:20:54]} {[%emt 00:02:36]} 25. Nc4 {[%clk
00:31:30]} {[%emt 00:00:26]} Rxd5 {[%clk 00:20:48]} {[%emt 00:00:35]} 26. Bf2
{[%clk 00:31:34]} {[%emt 00:00:26]} Nb5 {[%clk 00:11:53]} {[%emt 00:09:26]} 27.
a4 {[%clk 00:12:01]} {[%emt 00:20:03]} Nd6 {[%clk 00:10:00]} {[%emt 00:02:23]}
28. Nb6 {[%clk 00:10:13]} {[%emt 00:02:18]} Rd2 {[%clk 00:08:54]} {[%emt
00:01:36]} 29. Rad1 {[%clk 00:10:11]} {[%emt 00:00:32]} Ne4 {[%clk 00:06:55]}
{[%emt 00:02:29]} 30. Rxd2 {[%clk 00:07:37]} {[%emt 00:03:05]} Nxd2 {[%clk
00:07:19]} {[%emt 00:00:05]} 31. b4 {[%clk 00:05:18]} {[%emt 00:02:49]} Nxf1
{[%clk 00:05:39]} {[%emt 00:02:09]} 32. Kxf1 {[%clk 00:05:45]} {[%emt
00:00:03]} Bd8 {[%clk 00:04:46]} {[%emt 00:01:23]} 33. a5 {[%clk 00:06:00]}
{[%emt 00:00:16]} Kf7 {[%clk 00:03:51]} {[%emt 00:01:25]} 34. Ke2 {[%clk
00:06:24]} {[%emt 00:00:06]} Ke6 {[%clk 00:03:31]} {[%emt 00:00:50]} 35. Kd3
{[%clk 00:06:46]} {[%emt 00:00:07]} Bxb6 {[%clk 00:02:16]} {[%emt 00:01:45]} 36.
Bxb6 {[%clk 00:07:07]} {[%emt 00:00:10]} Kd5 {[%clk 00:02:32]} {[%emt
00:00:14]} 37. b5 {[%clk 00:06:29]} {[%emt 00:01:09]} Ra8 {[%clk 00:02:55]}
{[%emt 00:00:06]} 38. a6 {[%clk 00:05:53]} {[%emt 00:01:05]} Rc8 {[%clk
00:00:43]} {[%emt 00:02:43]} 39. a7 {[%clk 00:05:01]} {[%emt 00:01:22]} f4
{[%clk 00:00:36]} {[%emt 00:00:37]} 40. Bc7 {[%clk 00:05:05]} {[%emt 00:00:26]}
g5 {[%clk 00:00:35]} {[%emt 00:00:31]} 1-0

[Event "Hoogeveen Open"]
[Site "Hoogeveen, Netherlands"]
[Date "2018.10.22"]
[Round "3.15"]
[White "Damen, Jip"]
[Black "Colijn, Stefan"]
[Result "0-1"]
[WhiteElo "2192"]
[BlackElo "2340"]

1. Nf3 {[%emt 00:04:34]} Nf6 {[%clk 01:25:58]} {[%emt 00:00:36]} 2. c4 {[%clk
01:31:11]} {[%emt 00:00:10]} g6 {[%clk 01:26:20]} {[%emt 00:00:09]} 3. g3
{[%clk 01:30:41]} {[%emt 00:01:00]} Bg7 {[%clk 01:26:48]} {[%emt 00:00:03]} 4.
Bg2 {[%clk 01:31:03]} {[%emt 00:00:06]} d5 {[%clk 01:26:49]} {[%emt 00:00:30]}
5. O-O {[%clk 01:30:27]} {[%emt 00:01:04]} d4 {[%clk 01:27:00]} {[%emt
00:00:21]} 6. d3 {[%clk 01:29:35]} {[%emt 00:01:22]} Nc6 {[%clk 01:26:51]}
{[%emt 00:00:39]} 7. e3 {[%clk 01:28:34]} {[%emt 00:01:30]} dxe3 {[%clk
01:19:42]} {[%emt 00:07:39]} 8. fxe3 {[%clk 01:26:30]} {[%emt 00:02:34]} e5
{[%clk 01:18:50]} {[%emt 00:01:23]} 9. d4 {[%clk 01:23:44]} {[%emt 00:03:16]}
Bg4 {[%clk 01:18:33]} {[%emt 00:00:46]} 10. Qa4 {[%clk 01:17:42]} {[%emt
00:06:33]} exd4 {[%clk 01:05:42]} {[%emt 00:13:21]} 11. Nxd4 {[%clk 01:17:01]}
{[%emt 00:01:09]} O-O {[%clk 00:58:00]} {[%emt 00:08:12]} 12. Nxc6 {[%clk
01:17:05]} {[%emt 00:00:28]} bxc6 {[%clk 00:58:27]} {[%emt 00:00:03]} 13. Nc3
{[%clk 01:02:31]} {[%emt 00:15:03]} Rb8 {[%clk 00:50:11]} {[%emt 00:08:47]} 14.
Qxa7 {[%clk 00:54:15]} {[%emt 00:08:45]} Nd7 {[%clk 00:48:16]} {[%emt
00:02:25]} 15. Qa4 {[%clk 00:43:48]} {[%emt 00:10:57]} Ne5 {[%clk 00:43:36]}
{[%emt 00:05:11]} 16. c5 {[%clk 00:39:22]} {[%emt 00:04:57]} Qe7 {[%clk
00:41:03]} {[%emt 00:03:01]} 17. Kh1 {[%clk 00:22:21]} {[%emt 00:17:32]} Qxc5
{[%clk 00:33:42]} {[%emt 00:07:51]} 18. Ne4 {[%clk 00:21:39]} {[%emt 00:01:12]}
Qe7 {[%clk 00:29:10]} {[%emt 00:05:02]} 19. Bd2 {[%clk 00:18:52]} {[%emt
00:03:17]} Be2 {[%clk 00:24:58]} {[%emt 00:04:41]} 20. Rfe1 {[%clk 00:13:41]}
{[%emt 00:05:42]} Bb5 {[%clk 00:16:00]} {[%emt 00:09:28]} 21. Qc2 {[%clk
00:12:54]} {[%emt 00:01:18]} Nd3 {[%clk 00:12:47]} {[%emt 00:03:43]} 22. Reb1
{[%clk 00:13:01]} {[%emt 00:00:22]} f5 {[%clk 00:11:11]} {[%emt 00:02:06]} 23.
Nc3 {[%clk 00:11:05]} {[%emt 00:02:26]} Nf2+ {[%clk 00:11:34]} {[%emt
00:00:07]} 24. Kg1 {[%clk 00:11:32]} {[%emt 00:00:02]} Bd3 {[%clk 00:11:58]}
{[%emt 00:00:06]} 25. Qa4 {[%clk 00:10:41]} {[%emt 00:01:22]} Bxb1 {[%clk
00:07:16]} {[%emt 00:05:12]} 26. Rxb1 {[%clk 00:11:06]} {[%emt 00:00:05]} Ng4
{[%clk 00:07:25]} {[%emt 00:00:21]} 27. Qxc6 {[%clk 00:10:59]} {[%emt
00:00:37]} Ne5 {[%clk 00:05:45]} {[%emt 00:02:09]} 28. Qa4 {[%clk 00:09:04]}
{[%emt 00:02:26]} Rfd8 {[%clk 00:05:40]} {[%emt 00:00:35]} 29. Nd5 {[%clk
00:08:43]} {[%emt 00:00:51]} Qf7 {[%clk 00:05:55]} {[%emt 00:00:14]} 30. Qa7
{[%clk 00:07:45]} {[%emt 00:01:29]} c6 {[%clk 00:04:56]} {[%emt 00:01:29]} 31.
Ne7+ {[%clk 00:06:36]} {[%emt 00:01:39]} Kf8 {[%clk 00:05:17]} {[%emt
00:00:08]} 0-1

[Event "Hoogeveen Open"]
[Site "Hoogeveen, Netherlands"]
[Date "2018.10.22"]
[Round "3.16"]
[White "Rakshitta, Ravi"]
[Black "Tomilova, Elena"]
[Result "1/2-1/2"]
[WhiteElo "2160"]
[BlackElo "2328"]

1. e4 {[%clk 01:29:07]} {[%emt 00:01:52]} c5 {[%clk 01:30:52]} {[%emt
00:00:09]} 2. Nf3 {[%clk 01:29:00]} {[%emt 00:00:37]} Nc6 {[%clk 01:29:31]}
{[%emt 00:01:52]} 3. Nc3 {[%clk 01:29:17]} {[%emt 00:00:11]} g6 {[%clk
01:29:49]} {[%emt 00:00:12]} 4. d4 {[%clk 01:29:43]} {[%emt 00:00:05]} cxd4
{[%clk 01:30:15]} {[%emt 00:00:03]} 5. Nxd4 {[%clk 01:30:06]} {[%emt 00:00:07]}
Bg7 {[%clk 01:30:42]} {[%emt 00:00:04]} 6. Nde2 {[%clk 01:30:27]} {[%emt
00:00:09]} Nf6 {[%clk 01:30:41]} {[%emt 00:00:31]} 7. g3 {[%clk 01:30:48]}
{[%emt 00:00:08]} b5 {[%clk 01:31:03]} {[%emt 00:00:09]} 8. Bg2 {[%clk
01:29:26]} {[%emt 00:01:52]} Rb8 {[%clk 01:29:55]} {[%emt 00:01:38]} 9. O-O
{[%clk 01:28:19]} {[%emt 00:01:35]} d6 {[%clk 01:28:49]} {[%emt 00:01:38]} 10.
Nd5 {[%clk 01:23:27]} {[%emt 00:05:22]} Nd7 {[%clk 01:28:32]} {[%emt 00:00:47]}
11. c3 {[%clk 01:21:01]} {[%emt 00:02:56]} O-O {[%clk 01:24:21]} {[%emt
00:04:40]} 12. b3 {[%clk 01:17:15]} {[%emt 00:04:17]} b4 {[%clk 01:13:38]}
{[%emt 00:11:13]} 13. Bb2 {[%clk 01:17:30]} {[%emt 00:00:15]} e6 {[%clk
01:11:27]} {[%emt 00:02:41]} 14. Ne3 {[%clk 01:17:12]} {[%emt 00:00:48]} Ba6
{[%clk 01:10:58]} {[%emt 00:00:58]} 15. Rc1 {[%clk 01:14:56]} {[%emt 00:02:46]}
Rc8 {[%clk 01:04:18]} {[%emt 00:07:11]} 16. Ba1 {[%clk 01:10:53]} {[%emt
00:04:33]} bxc3 {[%clk 01:02:18]} {[%emt 00:02:30]} 17. Bxc3 {[%clk 01:11:04]}
{[%emt 00:00:19]} Bxc3 {[%clk 01:02:39]} {[%emt 00:00:09]} 18. Rxc3 {[%clk
01:08:45]} {[%emt 00:02:49]} Bxe2 {[%clk 01:02:57]} {[%emt 00:00:11]} 19. Qxe2
{[%clk 01:09:04]} {[%emt 00:00:12]} Nd4 {[%clk 01:03:10]} {[%emt 00:00:17]} 20.
Qd2 {[%clk 01:09:09]} {[%emt 00:00:25]} Rxc3 {[%clk 01:02:18]} {[%emt
00:01:22]} 21. Qxd4 {[%clk 01:09:37]} {[%emt 00:00:02]} Rc6 {[%clk 00:57:22]}
{[%emt 00:05:25]} 22. Qxa7 {[%clk 01:09:07]} {[%emt 00:01:01]} h5 {[%clk
00:50:13]} {[%emt 00:07:39]} 23. Qd4 {[%clk 00:58:42]} {[%emt 00:10:54]} Ne5
{[%clk 00:46:57]} {[%emt 00:03:47]} 24. Qd2 {[%clk 00:49:24]} {[%emt 00:09:48]}
Qb6 {[%clk 00:43:27]} {[%emt 00:04:00]} 25. h3 {[%clk 00:48:41]} {[%emt
00:01:13]} Rfc8 {[%clk 00:41:42]} {[%emt 00:02:16]} 26. Kh1 {[%clk 00:48:12]}
{[%emt 00:00:59]} Qb5 {[%clk 00:35:55]} {[%emt 00:06:17]} 27. Rd1 {[%clk
00:45:28]} {[%emt 00:03:13]} Rc3 {[%clk 00:23:50]} {[%emt 00:12:35]} 28. Qxd6
{[%emt 00:20:27]} Ra8 {[%clk 00:18:01]} 29. Nd5 {[%clk 00:17:17]} {[%emt
00:15:04]} exd5 {[%clk 00:15:48]} {[%emt 00:02:43]} 30. Qxe5 {[%clk 00:17:42]}
{[%emt 00:00:05]} Qe2 {[%clk 00:13:36]} {[%emt 00:02:42]} 31. Qxd5 {[%clk
00:07:52]} {[%emt 00:10:21]} Rxa2 {[%clk 00:13:54]} {[%emt 00:00:11]} 32. e5
{[%clk 00:08:02]} {[%emt 00:00:19]} Rcc2 {[%clk 00:12:05]} {[%emt 00:02:19]} 33.
Rf1 {[%clk 00:06:20]} {[%emt 00:02:12]} Rd2 {[%clk 00:11:56]} {[%emt 00:00:39]}
34. Qc5 {[%clk 00:06:07]} {[%emt 00:00:44]} Rac2 {[%clk 00:11:53]} {[%emt
00:00:33]} 35. Qb6 {[%clk 00:04:55]} {[%emt 00:01:42]} Qxe5 {[%clk 00:11:49]}
{[%emt 00:00:33]} 36. b4 {[%clk 00:05:07]} {[%emt 00:00:19]} Rb2 {[%clk
00:11:40]} {[%emt 00:00:39]} 37. Bc6 {[%clk 00:03:02]} {[%emt 00:02:36]} h4
{[%clk 00:07:18]} {[%emt 00:04:51]} 38. gxh4 {[%clk 00:02:28]} {[%emt
00:01:04]} Qc3 {[%clk 00:06:03]} {[%emt 00:01:46]} 39. Bg2 {[%clk 00:01:12]}
{[%emt 00:01:46]} Qxb4 {[%clk 00:04:44]} {[%emt 00:01:49]} 40. Qxb4 {[%clk
00:01:05]} {[%emt 00:00:37]} Rxb4 {[%clk 00:05:12]} {[%emt 00:00:01]} 41. h5
{[%clk 00:27:38]} {[%emt 00:03:56]} g5 {[%clk 00:32:09]} {[%emt 00:03:35]} 42.
Bf3 {[%clk 00:26:10]} {[%emt 00:01:57]} Kg7 {[%clk 00:28:20]} {[%emt 00:04:20]}
43. Kg2 {[%clk 00:25:59]} {[%emt 00:00:40]} Rbb2 {[%clk 00:26:11]} {[%emt
00:02:39]} 44. Bg4 {[%clk 00:25:22]} {[%emt 00:01:08]} Rb5 {[%clk 00:25:52]}
{[%emt 00:00:49]} 45. Rd1 {[%clk 00:25:35]} {[%emt 00:00:17]} Rc2 {[%clk
00:21:46]} {[%emt 00:04:36]} 46. Rd6 {[%clk 00:25:00]} {[%emt 00:01:04]} f6
{[%clk 00:13:50]} {[%emt 00:08:26]} 47. h6+ {[%clk 00:24:14]} {[%emt 00:01:16]}
Kg6 {[%clk 00:13:05]} {[%emt 00:01:16]} 48. h7 {[%clk 00:24:42]} {[%emt
00:00:01]} Rb8 {[%clk 00:11:48]} {[%emt 00:01:48]} 49. Rd5 {[%clk 00:25:06]}
{[%emt 00:00:07]} Rc7 {[%clk 00:11:15]} {[%emt 00:01:02]} 50. Bf5+ {[%clk
00:25:35]} {[%emt 00:00:01]} Kg7 {[%clk 00:11:27]} {[%emt 00:00:18]} 51. Kg3
{[%clk 00:25:42]} {[%emt 00:00:23]} Re7 {[%clk 00:09:04]} {[%emt 00:02:53]} 52.
f3 {[%clk 00:25:23]} {[%emt 00:00:48]} Reb7 {[%clk 00:05:59]} {[%emt 00:03:36]}
53. Rc5 {[%clk 00:18:48]} {[%emt 00:07:05]} Rf8 {[%clk 00:05:21]} {[%emt
00:01:08]} 54. h4 {[%clk 00:16:51]} {[%emt 00:02:27]} gxh4+ {[%clk 00:04:31]}
{[%emt 00:01:20]} 1/2-1/2